000 00637nam a2200205 i 4500
001 126971
003 ES-MaACL
005 20250903011201.0
007 t|
008 070214s1974 sp r ||||1| spa d
100 1 _aRey Pastor, Julio,
_d1888-1962
_996535
245 1 0 _aElementos de matemáticas /
_cJulio Rey Pastor, A. de Castro Brzezicki.
250 _a7ª. ed. corr.
260 _aMadrid :
_bS.A.E.T.A.,
_c1974.
300 _aXXIII, 853 p. :
_bil. ;
_c24 cm.
650 0 7 _aMatemáticas
_2embne
_914814
700 1 _aCastro Brzezicki, A. de.
_936909
852 _aES-MaACL
_jE-7618
_bR.91762
999 _c126971
_d126971